header

Obligation and opportunity (Record no. 89987)

MARC details
000 -LEADER
fixed length control field 01773nam a2200373Ia 4500
100 1# - MAIN ENTRY--AUTHOR NAME
Personal name Beattie, Mary Elizabeth,
245 10 - TITLE STATEMENT
Title Obligation and opportunity
260 ## - PUBLICATION, DISTRIBUTION, ETC. (IMPRINT)
Place of publication Montreal ;
-- Ithaca, [New York] :
Name of publisher McGill-Queen's University Press,
Year of publication c2000.
300 ## - PHYSICAL DESCRIPTION
Number of Pages xii, 176 p. :
Other physical details ill., maps.
500 ## - GENERAL NOTE
General note Revision of the author's dissertation (Ph. D.)--University of Maine, 1994.
650 #0 - SUBJECT ADDED ENTRY--TOPICAL TERM
Topical Term Single women
Topical Term Single women
Topical Term Single women
Topical Term Single women
Topical Term Single women
856 40 - ELECTRONIC LOCATION AND ACCESS
Uniform Resource Identifier http://site.ebrary.com/lib/rucke/Doc?id=10141714

No items available.

© 2026 Rongo University
Contact us: librarian | system librarian | Rongo university